[Event "13th EICC"]
[Site "Plovdiv BUL"]
[Date "2012.03.23"]
[Round "4.56"]
[White "Andriasian, Zaven"]
[Black "Klein, David"]
[Result "1/2-1/2"]
[WhiteTitle "GM"]
[BlackTitle "FM"]
[WhiteElo "2616"]
[BlackElo "2418"]
[WhiteFideId "13302000"]
[BlackFideId "1003623"]
[EventDate "2012.03.20"]
[EventType "swiss"]

1. e4 e5 2. Nf3 Nc6 3. Bb5 Nf6 4. d3 d6 5. c3 Be7 6. Nbd2 O-O 7. Nf1 a6 8. Ba4
b5 9. Bb3 Na5 10. Bc2 c5 11. Ng3 Re8 12. O-O Nc6 13. a4 b4 14. h3 Qc7 15. Re1
Rb8 16. Be3 h6 17. d4 Bf8 18. dxc5 dxc5 19. Nh2 Be6 20. Qf3 Nd4 21. cxd4 cxd4
22. Bxd4 exd4 23. Rac1 Qe5 24. Qd3 b3 25. Bb1 Nd7 26. Nf3 Qa5 27. Nxd4 Ne5 28.
Qe2 Qxa4 29. Nxe6 Rxe6 30. f4 Nc6 31. Kh1 Nd4 32. Qd3 Nc2 33. Bxc2 bxc2 34. Qxc2
Qxc2 35. Rxc2 Reb6 36. Ree2 Rb4 37. Nf1 Re8 38. Ng3 Reb8 39. Nf1 Re8 40. Ng3
Reb8 1/2-1/2

[Event "13th EICC"]
[Site "Plovdiv BUL"]
[Date "2012.03.23"]
[Round "4.58"]
[White "Stocek, Jiri"]
[Black "Popilski, Gil"]
[Result "1/2-1/2"]
[WhiteTitle "GM"]
[BlackTitle "IM"]
[WhiteElo "2606"]
[BlackElo "2389"]
[WhiteFideId "304760"]
[BlackFideId "2809060"]
[EventDate "2012.03.20"]
[EventType "swiss"]

1. d4 Nf6 2. c4 g6 3. Nc3 d5 4. Nf3 Bg7 5. Bf4 O-O 6. Rc1 dxc4 7. e4 Bg4 8. Be3
c5 9. dxc5 Qa5 10. h3 Rd8 11. Qa4 Qxa4 12. Nxa4 Bd7 13. Nc3 Bc6 14. Bxc4 Nxe4
15. Nxe4 Bxe4 16. Bxf7+ Kxf7 17. Ng5+ Ke8 18. Nxe4 Bxb2 19. Rb1 Bd4 20. Rxb7
Bxe3 21. fxe3 Rd5 22. O-O Re5 23. Nc3 Rxc5 24. Nb5 Na6 25. a4 Rc4 26. a5 Ra4 27.
Nd4 Rb4 28. Rb5 Rxb5 29. Nxb5 Rc8 30. Nxa7 Rc5 31. Ra1 Kd7 32. Ra3 Ke6 33. Kf2
Kd5 34. Rd3+ Ke6 35. Ra3 Kd5 36. Rb3 Rxa5 37. Rb7 e5 38. Rxh7 Nc5 39. Nc8 Ke4
40. Ra7 Nd3+ 41. Ke2 Nc1+ 42. Kd2 Nb3+ 43. Ke2 Nc1+ 44. Kd2 Nb3+ 1/2-1/2

[Event "13th EICC"]
[Site "Plovdiv BUL"]
[Date "2012.03.23"]
[Round "4.59"]
[White "Kozul, Zdenko"]
[Black "Filev, Georgi"]
[Result "1-0"]
[WhiteTitle "GM"]
[BlackTitle "FM"]
[WhiteElo "2602"]
[BlackElo "2372"]
[WhiteFideId "14502879"]
[BlackFideId "2907500"]
[EventDate "2012.03.20"]
[EventType "swiss"]

1. d4 Nf6 2. Nf3 g6 3. c4 Bg7 4. Nc3 d5 5. cxd5 Nxd5 6. e4 Nxc3 7. bxc3 c5 8.
Be3 Bg4 9. Rc1 O-O 10. Be2 e6 11. O-O cxd4 12. cxd4 Nc6 13. d5 exd5 14. exd5 Ne5
15. Nxe5 Bxe2 16. Qxe2 Bxe5 17. Rfd1 Qd7 18. g3 a6 19. d6 Rac8 20. Qd3 Rfe8 21.
Rxc8 Rxc8 22. Qd5 Bg7 23. Bg5 Bf8 24. Qe5 Rc6 25. Bf4 Rc8 26. Qf6 Bg7 27. Qe7
Rd8 28. Qxd7 Rxd7 29. Rc1 f6 30. Rc7 Rd8 31. d7 Kf7 32. Rxb7 Ke7 33. Ra7 Rxd7
34. Rxa6 f5 35. a4 Bc3 36. Kf1 Rb7 37. Be3 Rb1+ 38. Kg2 Ra1 39. h4 Kd7 40. Bb6
Kc8 41. a5 Kb8 42. Ra7 Bb4 43. Rxh7 Bxa5 44. Bxa5 Rxa5 45. Rh6 1-0

[Event "13th EICC"]
[Site "Plovdiv BUL"]
[Date "2012.03.23"]
[Round "4.60"]
[White "Solak, Dragan"]
[Black "Alekseenko, Kirill"]
[Result "0-1"]
[WhiteTitle "GM"]
[BlackTitle "FM"]
[WhiteElo "2602"]
[BlackElo "2367"]
[WhiteFideId "916811"]
[BlackFideId "4135539"]
[EventDate "2012.03.20"]
[EventType "swiss"]

1. e4 e5 2. Nf3 Nc6 3. Bb5 Nd4 4. Nxd4 exd4 5. O-O Bc5 6. d3 c6 7. Ba4 d6 8. Bb3
a5 9. a4 Ne7 10. f4 d5 11. f5 O-O 12. Nd2 f6 13. Qh5 Qe8 14. Qh4 Kh8 15. Nf3 b6
16. Bd2 dxe4 17. dxe4 Ba6 18. Rfe1 Rd8 19. Kh1 Bb4 20. c3 dxc3 21. bxc3 Bd6 22.
Nd4 Be5 23. Re3 g5 24. fxg6 Qxg6 25. Be1 c5 26. Ne6 Rg8 27. Bg3 c4 28. Nxd8 cxb3
29. Ne6 Bc4 30. Nf4 Bxf4 31. Qxf4 b2 32. Rb1 Nd5 33. Qf2 Nxe3 34. Qxe3 Rd8 35.
Rxb2 Rd1+ 36. Be1 Qg5 37. Qf2 Qc1 38. Re2 Bxe2 39. Qxf6+ Kg8 40. Qe6+ Kf8 41.
Qf6+ Ke8 42. Qe6+ Kd8 43. Qxb6+ Kd7 44. Qb7+ Ke6 45. Qc6+ Ke7 46. Qc5+ Rd6 47.
Qc7+ Rd7 48. Qc5+ Kd8 49. Qxa5+ Ke8 50. Qe5+ Kf7 51. Qf5+ Kg8 52. Qe6+ Rf7 53.
Qe8+ Kg7 54. Qe5+ Rf6 55. Qg3+ Rg6 56. Qf2 Bd3 57. h4 Kg8 58. Qa2+ Kf8 59. Qf2+
Ke8 60. h5 Rg4 61. c4 Rxe4 0-1

[Event "13th EICC"]
[Site "Plovdiv BUL"]
[Date "2012.03.23"]
[Round "4.62"]
[White "Sedlak, Nikola"]
[Black "Petenyi, Tamas"]
[Result "1/2-1/2"]
[WhiteTitle "GM"]
[BlackTitle "FM"]
[WhiteElo "2593"]
[BlackElo "2359"]
[WhiteFideId "922900"]
[BlackFideId "14909090"]
[EventDate "2012.03.20"]
[EventType "swiss"]

1. d4 Nc6 2. Nf3 d5 3. Bf4 Bg4 4. e3 e6 5. h3 Bh5 6. Bb5 f6 7. c4 Bd6 8. cxd5
exd5 9. Bxc6+ bxc6 10. g4 Bg6 11. Nc3 Ne7 12. Bxd6 cxd6 13. Nh4 O-O 14. Nxg6
Nxg6 15. h4 f5 16. gxf5 Rxf5 17. h5 Nh4 18. Qg4 Nf3+ 19. Kd1 Qf6 20. Kc2 Rf8 21.
Rad1 Rg5 22. Qd7 Rg2 23. Qxc6 Qf5+ 24. Kb3 Rb8+ 25. Ka3 Rxf2 26. Nxd5 Qf8 27.
Qd7 Rbxb2 28. Ne7+ Kh8 29. Ng6+ hxg6 30. hxg6+ Rh2 31. Rxh2+ Rxh2 32. Rc1 d5+
33. Rc5 Nxd4 34. exd4 Qf3+ 35. Ka4 Rxa2+ 36. Kb5 Rb2+ 37. Ka5 Ra2+ 38. Kb5 Rb2+
39. Ka5 Ra2+ 40. Kb5 Rb2+ 41. Ka5 1/2-1/2

[Event "13th EICC"]
[Site "Plovdiv BUL"]
[Date "2012.03.23"]
[Round "4.64"]
[White "Fedorovsky, Michael"]
[Black "Halkias, Stelios"]
[Result "1/2-1/2"]
[WhiteTitle "IM"]
[BlackTitle "GM"]
[WhiteElo "2395"]
[BlackElo "2588"]
[WhiteFideId "14105454"]
[BlackFideId "4201809"]
[EventDate "2012.03.20"]
[EventType "swiss"]

1. d4 Nf6 2. c4 e6 3. Nc3 Bb4 4. Qc2 O-O 5. e4 d5 6. e5 Ne4 7. Bd3 c5 8. Nf3
cxd4 9. Nxd4 Nd7 10. Bf4 Qh4 11. g3 Qh5 12. O-O g5 13. Bxe4 dxe4 14. Bd2 Qg6 15.
Qxe4 Bxc3 16. Qxg6+ hxg6 17. Bxc3 Nxe5 18. b3 Bd7 19. Rae1 Nc6 20. Nxc6 Bxc6 21.
Bf6 g4 22. Rd1 Rfe8 23. Rfe1 Bf3 24. Rd6 e5 25. Rxe5 Rxe5 26. Bxe5 Re8 27. Bc3
Kf8 28. Kf1 Be2+ 29. Kg1 Bf3 30. Kf1 Be2+ 31. Kg1 Bf3 32. Kf1 1/2-1/2

[Event "13th EICC"]
[Site "Plovdiv BUL"]
[Date "2012.03.23"]
[Round "4.67"]
[White "Damljanovic, Branko"]
[Black "Lomsadze, Davit"]
[Result "1/2-1/2"]
[WhiteTitle "GM"]
[WhiteElo "2582"]
[BlackElo "2338"]
[WhiteFideId "900125"]
[BlackFideId "13603450"]
[EventDate "2012.03.20"]
[EventType "swiss"]

1. d4 Nf6 2. c4 g6 3. Nc3 Bg7 4. e4 d6 5. Nf3 O-O 6. Be2 Bg4 7. Be3 Nc6 8. d5
Nb8 9. h3 Bxf3 10. Bxf3 c5 11. g4 Nbd7 12. g5 Ne8 13. h4 e6 14. h5 exd5 15. Nxd5
Ne5 16. hxg6 hxg6 17. Be2 Nc7 18. Qd2 Nc6 19. Rd1 Nxd5 20. cxd5 Nd4 21. Bg4 Qe7
22. f3 Rae8 23. Qh2 f5 24. Qh7+ Kf7 25. Bh5 Nxf3+ 26. Ke2 gxh5 27. Qxh5+ Kg8 28.
Qh7+ Kf7 29. Qxf5+ Kg8 30. Qh7+ Kf7 31. Qf5+ Kg8 32. Qh7+ Kf7 33. Rhf1 Qe5 34.
Rxf3+ Ke7 35. Rf6 Rxf6 36. gxf6+ Qxf6 37. Rg1 Qxb2+ 38. Bd2 Kf7 39. Rf1+ Ke7 40.
Qh4+ Kd7 41. Rf7+ Kc8 42. Qg4+ Kb8 43. Rxg7 Rxe4+ 44. Qxe4 Qxg7 1/2-1/2

[Event "13th EICC"]
[Site "Plovdiv BUL"]
[Date "2012.03.23"]
[Round "4.68"]
[White "Boruchovsky, Avital"]
[Black "Kuljasevic, Davorin"]
[Result "1/2-1/2"]
[WhiteTitle "FM"]
[BlackTitle "GM"]
[WhiteElo "2333"]
[BlackElo "2580"]
[WhiteFideId "2800055"]
[BlackFideId "14506661"]
[EventDate "2012.03.20"]
[EventType "swiss"]

1. e4 e5 2. Nf3 Nc6 3. Bb5 a6 4. Ba4 Nf6 5. O-O Be7 6. Re1 b5 7. Bb3 d6 8. c3
O-O 9. h3 Na5 10. Bc2 c5 11. d4 Nd7 12. Nbd2 exd4 13. cxd4 Nc6 14. Nf1 Nxd4 15.
Nxd4 cxd4 16. Qxd4 Ne5 17. Qd1 Bf6 18. Ne3 Be6 19. Nd5 Bxd5 20. Qxd5 Nc4 21. Bb3
Rc8 22. Rb1 Rc5 23. Qd3 d5 24. exd5 Rxd5 25. Qf3 Rd3 26. Qe4 Nd2 27. Bxd2 Rxd2
28. Rbd1 Bxb2 29. Rxd2 Qxd2 30. Rd1 Qg5 31. Rd7 Qe5 32. Qxe5 Bxe5 33. Ra7 g6 34.
g3 b4 35. Kg2 Bd4 36. Rxa6 Rd8 37. Ra5 Rd7 38. Rd5 Rxd5 39. Bxd5 Kg7 40. Bb3 f5 1/2-1/2

[Event "13th EICC"]
[Site "Plovdiv BUL"]
[Date "2012.03.23"]
[Round "4.69"]
[White "Bulmaga, Irina"]
[Black "Ruck, Robert"]
[Result "1-0"]
[WhiteTitle "WIM"]
[BlackTitle "GM"]
[WhiteElo "2307"]
[BlackElo "2579"]
[WhiteFideId "13903063"]
[BlackFideId "705713"]
[EventDate "2012.03.20"]
[EventType "swiss"]

1. e4 d6 2. d4 Nf6 3. Bd3 e5 4. c3 Nc6 5. Nf3 g6 6. O-O Bg7 7. h3 O-O 8. Re1 h6
9. Na3 Bd7 10. dxe5 Nxe5 11. Nxe5 dxe5 12. Nc4 Qe7 13. b3 Rfd8 14. Qc2 Nh5 15.
a4 Nf4 16. Bf1 Be6 17. Ne3 Rd7 18. Kh2 Rad8 19. Ba3 Qe8 20. Rad1 Bf8 21. Bxf8
Qxf8 22. g3 Nh5 23. Bc4 Bxc4 24. Nxc4 Qc5 25. Kg2 Nf6 26. Ne3 h5 27. h4 a6 28.
Kf3 b5 29. axb5 axb5 30. Rxd7 Rxd7 31. Rd1 Rxd1 32. Nxd1 Qd6 33. Ne3 c6 34. Kg2
Kf8 35. Kf3 Ke7 36. b4 Qd7 37. Qd1 Qxd1+ 1-0

[Event "13th EICC"]
[Site "Plovdiv BUL"]
[Date "2012.03.23"]
[Round "4.74"]
[White "Potkin, Vladimir"]
[Black "Fodor, Tamas Jr."]
[Result "1-0"]
[WhiteTitle "GM"]
[BlackTitle "FM"]
[WhiteElo "2669"]
[BlackElo "2482"]
[WhiteFideId "4131061"]
[BlackFideId "723762"]
[EventDate "2012.03.20"]
[EventType "swiss"]

1. d4 d5 2. c4 c6 3. Nc3 Nf6 4. Nf3 e6 5. Bg5 Nbd7 6. e3 Qa5 7. cxd5 Nxd5 8. Qd2
Bb4 9. Rc1 O-O 10. a3 Bxc3 11. bxc3 h6 12. Bh4 e5 13. c4 Qxd2+ 14. Nxd2 N5f6 15.
f3 Re8 16. Kf2 exd4 17. exd4 b6 18. Be2 Ba6 19. Nb3 Nh5 20. Bd3 Nf4 21. Rhd1
Nxd3+ 22. Rxd3 f6 23. Bg3 Kf7 24. Rd2 Rad8 25. a4 c5 26. d5 Ne5 27. Bxe5 Rxe5
28. a5 Ree8 29. axb6 axb6 30. Ra2 Ra8 31. Nd2 Red8 32. Rb1 b5 33. cxb5 Bb7 34.
Rxa8 Bxa8 35. Ne4 Bxd5 36. Rd1 Ke7 37. Nxc5 Bc4 38. Rxd8 Kxd8 39. b6 1-0

[Event "13th EICC"]
[Site "Plovdiv BUL"]
[Date "2012.03.23"]
[Round "4.76"]
[White "Saric, Ivan"]
[Black "Hagen, Andreas Skytte"]
[Result "1-0"]
[WhiteTitle "GM"]
[BlackTitle "IM"]
[WhiteElo "2649"]
[BlackElo "2453"]
[WhiteFideId "14508150"]
[BlackFideId "1407341"]
[EventDate "2012.03.20"]
[EventType "swiss"]

1. e4 c5 2. Nf3 d6 3. d4 cxd4 4. Nxd4 Nf6 5. Nc3 a6 6. h3 e6 7. g4 d5 8. Bg2 Bb4
9. Bd2 Nc6 10. a3 Be7 11. Be3 Nxd4 12. Qxd4 dxe4 13. Qxd8+ Bxd8 14. O-O-O O-O
15. g5 Nd5 16. Nxd5 exd5 17. Rxd5 Re8 18. Bxe4 Bxh3 19. Rd4 Bb6 20. Rxh3 Bxd4
21. Bxh7+ Kf8 22. Bxd4 g6 23. Bf6 Rac8 24. Bg8 Re2 25. c3 Rce8 26. Rh8 Re1+ 27.
Kc2 R8e2+ 28. Kb3 Ke8 29. Rh7 Re7 30. Bxe7 Rxe7 31. c4 1-0

[Event "13th EICC"]
[Site "Plovdiv BUL"]
[Date "2012.03.23"]
[Round "4.82"]
[White "Buhmann, Rainer"]
[Black "Zueger, Beat"]
[Result "1-0"]
[WhiteTitle "GM"]
[BlackTitle "IM"]
[WhiteElo "2614"]
[BlackElo "2425"]
[WhiteFideId "4651340"]
[BlackFideId "1300067"]
[EventDate "2012.03.20"]
[EventType "swiss"]

1. Nf3 Nf6 2. c4 g6 3. Nc3 Bg7 4. e4 d6 5. d4 Bg4 6. Be2 Nfd7 7. Be3 O-O 8. Qd2
e5 9. d5 f5 10. exf5 gxf5 11. Bg5 Qe8 12. h3 Bxf3 13. gxf3 f4 14. Rg1 Kh8 15.
O-O-O a5 16. Rg4 Nc5 17. Rdg1 Nba6 18. Bd3 Nxd3+ 19. Qxd3 Nc5 20. Qc2 Qd7 21.
Ne4 Nxe4 22. Qxe4 b6 23. Bh4 Bh6 24. b3 Rf7 25. Kd2 Raf8 26. Ke2 Qe8 27. Kf1 Qd7
28. Kg2 Qe7 29. Kh2 Qd7 30. a3 Ra8 31. Qc2 Rf5 32. Qb1 Rf7 33. Qf1 Qf5 34. Qg2
Qc8 35. Bg5 Bxg5 36. Rxg5 Qf8 37. Qg4 Re8 38. b4 axb4 39. axb4 Rf6 40. Qd7 Rc8
41. Rg7 Rh6 42. Rf7 1-0

[Event "13th EICC"]
[Site "Plovdiv BUL"]
[Date "2012.03.23"]
[Round "4.83"]
[White "Kovalev, Vladislav"]
[Black "Howell, David W L"]
[Result "1/2-1/2"]
[WhiteTitle "IM"]
[BlackTitle "GM"]
[WhiteElo "2477"]
[BlackElo "2614"]
[WhiteFideId "13504398"]
[BlackFideId "410608"]
[EventDate "2012.03.20"]
[EventType "swiss"]

1. e4 e5 2. Nf3 Nc6 3. d4 exd4 4. Nxd4 Nf6 5. Nxc6 bxc6 6. e5 Qe7 7. Qe2 Nd5 8.
c4 Ba6 9. Nd2 g6 10. Nf3 Bg7 11. Bg5 Qb4+ 12. Qd2 Qxd2+ 13. Bxd2 Nb6 14. b3 d6
15. O-O-O dxe5 16. Nxe5 Bxe5 17. Re1 Nd7 18. f4 f6 19. fxe5 Nxe5 20. Bf4 O-O-O
21. Bxe5 fxe5 22. Rxe5 Rhe8 23. Rxe8 Rxe8 24. Bd3 c5 25. Rf1 Bb7 26. g3 Kd7 27.
Kd2 Re5 28. Rf8 Re8 29. Rf4 Re5 30. Bc2 a5 31. Bd3 Bc6 32. Bc2 Kd6 33. Rf8 Re8
34. Rf6+ Re6 35. Rf7 Re7 36. Rf6+ Re6 37. Rf8 Re8 38. Rf7 Re7 39. Rf6+ Re6 40.
Rf7 Re7 1/2-1/2

[Event "13th EICC"]
[Site "Plovdiv BUL"]
[Date "2012.03.23"]
[Round "4.86"]
[White "Jurcik, Marian"]
[Black "Aleksandrov, Aleksej"]
[Result "1/2-1/2"]
[WhiteTitle "IM"]
[BlackTitle "GM"]
[WhiteElo "2467"]
[BlackElo "2604"]
[WhiteFideId "14907518"]
[BlackFideId "13500139"]
[EventDate "2012.03.20"]
[EventType "swiss"]

1. e4 e5 2. Nf3 Nc6 3. Bb5 Nf6 4. d3 d6 5. d4 exd4 6. Nxd4 Bd7 7. O-O Nxd4 8.
Bxd7+ Qxd7 9. Qxd4 Be7 10. Nc3 O-O 11. f3 Rfe8 12. Be3 a6 13. Rad1 Rad8 14. Nd5
Nxd5 15. Qxd5 Qc8 16. Qb3 Bf6 17. Bd4 Bxd4+ 18. Rxd4 Re7 19. Rfd1 Rde8 20. Rd5
Re5 21. Rxe5 Rxe5 22. Rd5 Re6 23. c4 b6 24. Qa4 a5 25. a3 h6 26. b4 axb4 27.
axb4 Qe8 28. Qxe8+ Rxe8 29. c5 bxc5 30. bxc5 dxc5 31. Rxc5 Re7 32. Kf2 Kf8 33.
Ke3 Rd7 34. Rd5 Rxd5 35. exd5 Ke7 36. Kd4 Kd6 37. f4 f6 38. f5 c6 39. dxc6 Kxc6
40. Kc4 Kd6 1/2-1/2

[Event "13th EICC"]
[Site "Plovdiv BUL"]
[Date "2012.03.23"]
[Round "4.87"]
[White "Kotronias, Vasilios"]
[Black "Ledger, Andrew J"]
[Result "1/2-1/2"]
[WhiteTitle "GM"]
[BlackTitle "IM"]
[WhiteElo "2597"]
[BlackElo "2424"]
[WhiteFideId "5900212"]
[BlackFideId "400610"]
[EventDate "2012.03.20"]
[EventType "swiss"]

1. e4 e6 2. d4 d5 3. Nd2 dxe4 4. Nxe4 Nd7 5. Bd3 Ngf6 6. Qe2 c5 7. Nf3 Nxe4 8.
Bxe4 cxd4 9. O-O Nf6 10. Rd1 Qb6 11. a4 Nxe4 12. Qxe4 Be7 13. Nxd4 O-O 14. Be3
Qa5 15. Nb5 a6 16. Nd6 Qc7 17. Nc4 Bd7 18. Bf4 Qc6 19. Qd4 Be8 20. Bd6 Bxd6 21.
Nxd6 Qxc2 22. Rdc1 Qb3 23. Nc8 a5 24. Rc5 Bc6 25. Rg5 f6 26. Ne7+ Kf7 27. Rg3
Qc2 28. Nxc6 Qxc6 29. Qg4 g6 30. Rc3 Qd7 31. Rd1 Qe7 32. Rdc1 Rfd8 33. h4 Rd7
34. h5 f5 35. Qf4 g5 36. Qe3 Rad8 37. Qb6 g4 38. Rc7 Rxc7 39. Rxc7 Rd7 40. Rxd7
Qxd7 41. Qxa5 Qd1+ 42. Kh2 g3+ 43. Kxg3 Qg4+ 1/2-1/2

[Event "13th EICC"]
[Site "Plovdiv BUL"]
[Date "2012.03.23"]
[Round "4.88"]
[White "Nestorovic, Nikola"]
[Black "Vajda, Levente"]
[Result "0-1"]
[WhiteTitle "IM"]
[BlackTitle "GM"]
[WhiteElo "2462"]
[BlackElo "2597"]
[WhiteFideId "934526"]
[BlackFideId "1203975"]
[EventDate "2012.03.20"]
[EventType "swiss"]

1. e4 e5 2. Nf3 Nc6 3. Bb5 a6 4. Ba4 Nf6 5. O-O Be7 6. d3 b5 7. Bb3 O-O 8. a4 b4
9. a5 d6 10. Nbd2 Rb8 11. h3 Be6 12. Nc4 Nd7 13. Re1 Nc5 14. Ba2 b3 15. Bxb3
Nxb3 16. cxb3 f5 17. Bd2 Qe8 18. Bg5 fxe4 19. Bxe7 Rxf3 20. gxf3 Qxe7 21. f4
exf4 22. Rxe4 d5 23. Rxe6 Qxe6 24. Nd2 Qxh3 25. Qf3 Qf5 26. Ra4 Rf8 27. Nb1 Ne7
28. Nc3 c6 29. Rb4 Ng6 30. Ne2 h6 31. Nd4 Qf6 32. Qg4 Kh7 33. Nf3 Ne5 34. Nxe5
Qxe5 35. Rb7 Qe1+ 36. Kg2 f3+ 37. Kh3 Qh1+ 0-1

[Event "13th EICC"]
[Site "Plovdiv BUL"]
[Date "2012.03.23"]
[Round "4.91"]
[White "Ter-Sahakyan, Samvel"]
[Black "Ovod, Evgenija"]
[Result "1-0"]
[WhiteTitle "GM"]
[BlackTitle "IM"]
[WhiteElo "2578"]
[BlackElo "2408"]
[WhiteFideId "13302531"]
[BlackFideId "4131827"]
[EventDate "2012.03.20"]
[EventType "swiss"]

1. e4 e5 2. Nf3 Nc6 3. Bb5 a6 4. Ba4 Nf6 5. O-O Be7 6. Re1 d6 7. c3 Bg4 8. d3
O-O 9. Nbd2 Nd7 10. Bc2 Bg5 11. h3 Bh5 12. g4 Bg6 13. Nxg5 Qxg5 14. Nf1 Qh4 15.
Kg2 d5 16. Ng3 dxe4 17. dxe4 Nc5 18. Qf3 Ne6 19. Nf5 Bxf5 20. exf5 Ng5 21. Qg3
Qxg3+ 22. Kxg3 f6 23. Bxg5 fxg5 24. Ba4 Rf6 25. Bxc6 Rxc6 26. Rxe5 Rd8 27. Rae1
Kf8 28. R1e2 b6 29. h4 gxh4+ 30. Kxh4 h6 31. R5e4 a5 32. f4 Rc5 33. Kh5 Rc6 34.
a3 Rd1 35. Kh4 Rh1+ 36. Kg3 Rg1+ 37. Kf3 Rd6 38. Re8+ Kf7 39. R2e7+ Kf6 40. Rxc7
Rf1+ 41. Kg3 Rd3+ 42. Kg2 Rxf4 43. Re6+ Kg5 44. Rxg7+ 1-0

[Event "13th EICC"]
[Site "Plovdiv BUL"]
[Date "2012.03.23"]
[Round "4.93"]
[White "Zaslavsky, Mikhail"]
[Black "Bosiocic, Marin"]
[Result "0-1"]
[WhiteTitle "IM"]
[BlackTitle "GM"]
[WhiteElo "2450"]
[BlackElo "2562"]
[WhiteFideId "2807670"]
[BlackFideId "14507927"]
[EventDate "2012.03.20"]
[EventType "swiss"]

1. e4 e5 2. Nf3 Nc6 3. Bb5 a6 4. Ba4 Nf6 5. O-O Be7 6. Re1 b5 7. Bb3 d6 8. c3
O-O 9. h3 Nb8 10. d4 Nbd7 11. c4 c6 12. Nc3 b4 13. Na4 c5 14. dxc5 dxc5 15. Nh4
g6 16. Bh6 Re8 17. Qf3 Bf8 18. Bxf8 Rxf8 19. Rad1 Qc7 20. Qd3 Bb7 21. Qd6 Rac8
22. Bc2 Qa5 23. g4 Bc6 24. b3 Rfe8 25. f4 Re6 26. Qd2 exf4 27. Qxf4 Bxa4 28.
bxa4 Ne5 29. Nf3 Nfd7 30. Nxe5 Nxe5 31. Rf1 Qc7 32. Bb3 Nc6 33. Qxc7 Rxc7 34.
Rd5 Nd4 35. e5 Ne2+ 36. Kg2 Nc3 37. Rd8+ Kg7 38. Re1 Rce7 39. Ra8 Rd7 40. Rc8
Rd2+ 41. Kf3 Rd3+ 42. Re3 Rxe3+ 43. Kxe3 Rxe5+ 44. Kf4 f6 45. Rc7+ Kh8 46. g5
Rxg5 47. Rc6 Ne2+ 48. Ke3 Re5+ 49. Kf2 Nd4 50. Rxa6 Re2+ 51. Kf1 f5 52. Ra5 f4
53. Rxc5 f3 54. a5 Nf5 55. Rxf5 gxf5 56. c5 Re5 57. c6 Rxa5 58. Kf2 Rc5 0-1

[Event "13th EICC"]
[Site "Plovdiv BUL"]
[Date "2012.03.23"]
[Round "4.94"]
[White "Rapport, Richard"]
[Black "Kreisl, Robert"]
[Result "1/2-1/2"]
[WhiteTitle "GM"]
[BlackTitle "IM"]
[WhiteElo "2559"]
[BlackElo "2400"]
[WhiteFideId "738590"]
[BlackFideId "1613880"]
[EventDate "2012.03.20"]
[EventType "swiss"]

1. e4 c6 2. c4 d5 3. cxd5 cxd5 4. exd5 Nf6 5. Bb5+ Nbd7 6. Nf3 a6 7. Ba4 b5 8.
Bb3 Nc5 9. Bc2 Bb7 10. O-O Qxd5 11. d4 Nce4 12. Bb3 Qh5 13. Ne5 e6 14. Qxh5 Nxh5
15. f3 Nd6 16. Nc3 Nf6 17. d5 Nc4 18. Nxc4 bxc4 19. Ba4+ Kd8 20. dxe6 Bc5+ 21.
Kh1 fxe6 22. Bg5 Ke7 23. Rac1 Rac8 24. Rc2 h6 25. Bh4 Rhd8 26. Re1 g5 27. Bg3
Nh5 28. Rce2 Nxg3+ 29. hxg3 Rd6 30. Bc2 Bb4 31. Bf5 Rcc6 32. Bxe6 Rxe6 33. Nd5+
Kd6 34. Nxb4 Rxe2 35. Rxe2 Rb6 36. a3 c3 37. bxc3 Kc5 38. f4 gxf4 39. gxf4 Kc4
40. Re7 a5 41. Rc7+ Kb3 42. Nd3 Kxa3 43. Ne5 Ba6 44. c4 Rf6 45. Ra7 Kb4 46. Nd7
Rf7 47. Rxa6 1/2-1/2

[Event "13th EICC"]
[Site "Plovdiv BUL"]
[Date "2012.03.23"]
[Round "4.96"]
[White "Zontakh, Andrey"]
[Black "Kanter, Eduard"]
[Result "1-0"]
[WhiteTitle "GM"]
[BlackTitle "IM"]
[WhiteElo "2556"]
[BlackElo "2394"]
[WhiteFideId "14101130"]
[BlackFideId "4103963"]
[EventDate "2012.03.20"]
[EventType "swiss"]

1. d4 Nf6 2. c4 g6 3. Nc3 d5 4. e3 Bg7 5. cxd5 Nxd5 6. Nxd5 Qxd5 7. Ne2 O-O 8.
Nc3 Qd6 9. Be2 Nd7 10. a4 c5 11. d5 a6 12. O-O f5 13. g3 Nf6 14. Bc4 Kh8 15. Ra3
Bd7 16. a5 Qc7 17. e4 Nxe4 18. Nxe4 fxe4 19. Re1 Bd4 20. Rxe4 Rxf2 21. Rxd4 cxd4
22. Qxd4+ Rf6 23. Bf4 Qd8 24. d6 Bb5 25. Re3 Bxc4 26. Rxe7 Qf8 27. Bg5 Kg8 28.
Qxc4+ Rf7 29. d7 1-0

[Event "13th EICC"]
[Site "Plovdiv BUL"]
[Date "2012.03.23"]
[Round "4.98"]
[White "Papp, Gabor1"]
[Black "Janev, Tihomir"]
[Result "1-0"]
[WhiteTitle "GM"]
[BlackTitle "FM"]
[WhiteElo "2551"]
[BlackElo "2382"]
[WhiteFideId "718602"]
[BlackFideId "2910110"]
[EventDate "2012.03.20"]
[EventType "swiss"]

1. e4 Nf6 2. e5 Nd5 3. d4 d6 4. Nf3 dxe5 5. Nxe5 c6 6. Be2 Bf5 7. O-O Nd7 8. Nf3
e6 9. c4 N5f6 10. Nc3 Bd6 11. Nh4 Bg6 12. g3 O-O 13. Be3 Re8 14. Bf3 Qc7 15.
Nxg6 hxg6 16. Rc1 Rad8 17. Qc2 Qb8 18. Rfd1 e5 19. d5 cxd5 20. Nxd5 e4 21. Be2
b6 22. a3 Nxd5 23. Rxd5 Nf6 24. Rb5 Qc8 25. b4 Ng4 26. Bxg4 Qxg4 27. Rd5 Bc7 28.
Rcd1 Qe6 29. Qa4 a5 30. Qb5 axb4 31. axb4 Kh7 32. Qa4 Rxd5 33. cxd5 Qg4 34. Rc1
Re7 35. Qc6 Rd7 36. b5 Qf5 37. d6 Bd8 38. Rd1 Qf3 39. Rc1 Qf5 40. Bxb6 Bxb6 41.
Qxb6 Qe6 42. Rd1 Qb3 43. Qd4 Qxb5 44. Qxe4 Qb8 45. Qc6 Qb3 46. Rd4 Rd8 47. d7
Qb1+ 48. Kg2 Qf5 49. Qd6 Qf6 50. Qxf6 gxf6 51. g4 Kh6 52. h4 g5 53. h5 Kg7 54.
Kf3 f5 55. gxf5 Kf6 56. Kg4 Ke5 57. Rd1 f6 58. f3 Rxd7 59. f4+ 1-0

[Event "13th EICC"]
[Site "Plovdiv BUL"]
[Date "2012.03.23"]
[Round "4.99"]
[White "Firat, Burak"]
[Black "Nikolov, Momchil"]
[Result "0-1"]
[WhiteTitle "IM"]
[BlackTitle "GM"]
[WhiteElo "2405"]
[BlackElo "2550"]
[WhiteFideId "6305881"]
[BlackFideId "2905710"]
[EventDate "2012.03.20"]
[EventType "swiss"]

1. e4 c5 2. Nf3 e6 3. d4 cxd4 4. Nxd4 Qb6 5. Nb3 Qc7 6. Bd3 Nf6 7. O-O Nc6 8.
Nc3 a6 9. f4 d6 10. Qe2 b5 11. a4 b4 12. Nd1 Be7 13. Bd2 O-O 14. Nf2 Bb7 15.
Rae1 e5 16. f5 Rfe8 17. Bg5 Nd7 18. Be3 Nf6 19. Bg5 Nd4 20. Qd2 a5 21. Nxd4 exd4
22. Bb5 Bc6 23. Qxd4 Bxb5 24. axb5 h6 25. Bh4 Qxc2 26. e5 dxe5 27. Rxe5 Red8 28.
Qe3 Nd5 29. Rxd5 Bxh4 30. Rxd8+ Rxd8 31. Ne4 Qxb2 32. b6 Bf6 33. Nxf6+ Qxf6 34.
b7 Qa6 35. Qe7 Rb8 36. Rd1 Qxb7 0-1